Score 0/15 Timer 02:00
0 Plays Today
Clue 4-Letter Word % Correct
Unable to find the wayLOST
98.5%
A flower common on Valentine's DayROSE
98.5%
The final person to complete a raceLAST
97.6%
To misplace one's possessionLOSE
97.1%
A fee paid to travel on certain roads or bridgesTOLL
93.2%
Having already elapsedPAST
92.4%
A child's humanoid toyDOLL
89.7%
What Gandalf says you shall not doPASS
86.5%
Clue 4-Letter Word % Correct
What trains travel onRAIL
86.3%
A hemispherical roof or ceilingDOME
85.6%
The place to which all roads leadROME
84%
U.S. Senator who has run for president multiple timesDOLE
83.8%
Laborious effortTOIL
69.4%
To make waters surging or turbulentROIL
64.5%
Opposite of first rungFAIL
55.6%

Today's Daily Dose

Remove Ads.
Support Sporcle.
Get the best of Sporcle when you Go Orange. This ad-free experience offers more features, more stats, and more fun while also helping to support Sporcle. Thank you for becoming a member.

You're not logged in!

Compare scores with friends on all Sporcle quizzes.
OR
Log In

Show Comments

Extras

Top Quizzes Today


Score Distribution

Your Account Isn't Verified!

In order to create a playlist on Sporcle, you need to verify the email address you used during registration. Go to your Sporcle Settings to finish the process.

Report this User

Report this user for behavior that violates our Community Guidelines.

Details: